In The Name of the Secular: Contemporary Cultural Activism in India (Record no. 20745)

MARC details
000 -LEADER
fixed length control field 00356nam a22001337a 4500
020 ## - INTERNATIONAL STANDARD BOOK NUMBER
ISBN 0-19-564889-7
082 ## - DEWEY DECIMAL CLASSIFICATION NUMBER
Classification number 322.10954
Author Cutter BHA
100 ## - MAIN ENTRY--AUTHOR NAME
Author name Bharucha, Rustom
245 ## - TITLE STATEMENT
Title In The Name of the Secular: Contemporary Cultural Activism in India
260 ## - PUBLICATION, DISTRIBUTION, ETC. (IMPRINT)
Place of publication New Delhi
Name of publisher Oxford University Press
Year of publication 1998
300 ## - PHYSICAL DESCRIPTION
Number of Pages 197
650 ## - SUBJECT ADDED ENTRY--TOPICAL TERM
Topical Term Secularism
942 ## - ADDED ENTRY ELEMENTS (KOHA)
Koha item type Books
Holdings
Home library Current library Shelving location Date acquired Source of acquisition Cost, normal purchase price Full call number Accession Number Koha item type
Henry Martyn Institute Library Henry Martyn Institute Library General stacks 11/03/2017 Kohinoor 385.00 322.10954 BHA 25374 Books
                   Copyright © 2026 | Henry Martyn Institute | Hyderabad | TS-500052 | INDIA | Implemented by hmi.edu.in
Hit-Count:

Powered by Koha